000 00604nam a22002417a 4500
003 UA-OsUOA
001 26509
007 ta
008 20040604b un ||||| |||| 00| 0 ukr d
100 _aКапица П.Л.
090 _a53(091)
_bК20
942 _cBK
040 _aUA-OsUOA
_brus
_cUA-OsUOA
_dUA-OsUOA
245 _aЭксперимент - теория, практика
_bСтатъи, выступления
300 _a494 с.
955 _a0
041 _arus
080 _a53(091)
260 _aМосква
_bНаука
_c1981
044 _aRU
650 7 _2UDC
999 _c312834
_d312834